Guess the Footballers by their Teams #30 - Statistics

General Stats
  • This quiz has been taken 151 times
  • The average score is 8 of 11
Answer Stats
Hint Answer % Correct
1999-2019. Chmel Blsany, Sparta Prague, Rennes, Chelsea, Arsenal, Czech Republic. Petr Cech
96%
2002-. RS Futebol, Juventude, Porto B, Dynamo Moscow (loan), Fluminense, AC Milan, Paris Saint-Germain, Chelsea, Brazil. Thiago Silva
91%
2005-. Grenoble, Istres (loan), Tours, Montpellier, Tours (loan), Arsenal, Chelsea, AC Milan, France. Olivier Giroud
86%
2010-. Hellas Verona, Sambonifacese (loan), Napoli, Chelsea, Italy. Jorginho
83%
2005-. Kolubara, Kosice, Chelsea, Vitesse (loan), Benfica, Chelsea, Manchester United, Roma, Serbia. Nemanja Matic
81%
2006-. Vitoria, Benfica (loan), Benfica, Chelsea, Paris Saint-Germain, Chelsea, Arsenal, Flamengo, Brazil. David Luiz
76%
2003-. Cerro, Nacional, Villarreal, Atletico Madrid, Inter Milan, Cagliari, Atletico Mineiro, Velez Sarsfield, Uruguay. Diego Godin
71%
2002-2021. Nottingham Forest, Kidderminster Harriers (loan), Leicester City, Jamaica. Wes Morgan
68%
1997-2017. Porto, Leca (loan), Porto B, Vitoria Setubal (loan), Alverca (loan), Chelsea, Real Madrid, Monaco, Shanghai SIPG, Portugal. Ricardo Carvalho
67%
2002-2018. Chelsea, Middlesbrough, Stoke City, Leicester City (loan), Leicester City, Germany. Robert Huth
62%
2003-2017. Oviedo, Celta B, Celta, Rayo Vallecano, Swansea City, Napoli (loan), Langreo, Oviedo (loan), Spain. Michu
49%
No matching quizzes found
Score Distribution
Percent of People with Each Score
Percentile by Number Answered
Your Score History
You have not taken this quiz